|
|
|
|
| LEADER |
00662nab a2200181 i 4500 |
| 001 |
acta27733 |
| 005 |
20210223114149.0 |
| 008 |
161017s1991 hu o 0|| hun d |
| 022 |
|
|
|a 1219-0039
|
| 040 |
|
|
|a SZTE Egyetemi Kiadványok Repozitórium
|b hun
|
| 041 |
|
|
|a hun
|
| 100 |
1 |
|
|a Zentai Mária
|
| 245 |
1 |
0 |
|a Egy rajztagozatos osztály munkájáról
|h [elektronikus dokumentum] :
|b műhelymunkánk a műalkotáselemzés /
|c Zentai Mária
|
| 260 |
|
|
|c 1991
|
| 300 |
|
|
|a 132-136
|
| 490 |
0 |
|
|a Módszertani közlemények
|v 31 No. 3
|
| 695 |
|
|
|a Művészet, Neveléstudomány
|
| 856 |
4 |
0 |
|u http://acta.bibl.u-szeged.hu/27733/1/modszertani_031_003_132-136.pdf
|z Dokumentum-elérés
|